| 000 | 00616nam a2200169 i 4500 | ||
|---|---|---|---|
| 001 | 43965 | ||
| 003 | ES-MaACL | ||
| 005 | 20230906160923.0 | ||
| 007 | t| | ||
| 008 | 030320s1892 fr ||||1| fre d | ||
| 100 | 1 |
_aCicerón, Marco Tulio. _938748 |
|
| 245 | 1 | 0 |
_aDiscours de Cicerón contre Verrés _b: divinatio in 2. Caecilium texte latin / _cMarco Tulio Cicerón ; avec un commentaire critique et explicatif, une introduction et un index par Emile Thomas. |
| 260 |
_aParis : _bHachette et Cie, _c1892 ( _fLahure) |
||
| 300 |
_a70 p. ; _c25 cm. |
||
| 700 | 1 |
_aThomas, Emile. _9110006 |
|
| 852 |
_aES-MaACL _jF-12325 |
||
| 999 |
_c43965 _d43965 |
||